| 000 | 00558nam a22001817a 4500 | ||
|---|---|---|---|
| 005 | 20220406175223.0 | ||
| 008 | 220406b ||||| |||| 00| 0 eng d | ||
| 020 | _a0910443211 | ||
| 040 | _cCAAAP | ||
| 041 | _aspa | ||
| 050 |
_aFB43.K8 _bH79 |
||
| 100 | 1 |
_95209 _aHowe, James |
|
| 245 | 1 | 3 |
_aUn pueblo que no se arrodillaba : _bpanamá, los estados unidos y los kunas de San Blas / _cJames Howe |
| 260 |
_aMiami : _bPlumsock Mesoamerican Studies, _c2004 |
||
| 300 |
_a461 p.: _bil.; _c26 cm. |
||
| 650 | 0 |
_964 _aEvangelización |
|
| 942 |
_2lcc _bDD - MM - AA _cBK |
||
| 999 |
_c3706 _d3706 |
||